Gaming Quiz

Random Gaming or State Quiz
Score 0/131 Timer 20:00
0 Plays Today
Stat Pokémon % Correct
DefenseOnix
91%
HPHappiny
86.9%
HPMunchlax
86.9%
AttackMunchlax
86.9%
Special DefenseMunchlax
86.9%
Special AttackAbra
86.2%
SpeedAbra
86.2%
AttackScyther
86.2%
DefenseScyther
86.2%
Special DefenseScyther
86.2%
SpeedScyther
86.2%
AttackMachop
84.8%
Special AttackGastly
84.8%
SpeedGastly
84.8%
AttackGeodude
84.1%
DefenseGeodude
84.1%
AttackKabuto
82.8%
DefenseKabuto
82.8%
AttackSneasel
82.8%
SpeedSneasel
82.8%
SpeedElekid
82.8%
DefenseShieldon
82.8%
Special DefenseShieldon
82.8%
DefenseOmanyte
82.1%
Special AttackOmanyte
82.1%
HPRhyhorn
81.4%
AttackRhyhorn
81.4%
DefenseRhyhorn
81.4%
AttackCranidos
81.4%
SpeedMagby
80.7%
DefenseShellder
80%
SpeedVoltorb
79.3%
DefenseKoffing
79.3%
HPSlowpoke
77.9%
HPGrimer
77.9%
AttackGrimer
77.9%
Special AttackSmoochum
77.9%
AttackBonsly
77.9%
DefenseBonsly
77.9%
AttackArchen
77.9%
AttackAnorith
77.2%
DefenseTangela
76.6%
Special AttackTangela
76.6%
AttackMurkrow
76.6%
Stat Pokémon % Correct
Special AttackMurkrow
76.6%
SpeedMurkrow
76.6%
Special AttackMagnemite
75.9%
SpeedStaryu
75.9%
Special DefenseLileep
75.9%
Special DefenseMime Jr.
75.2%
AttackTimburr
75.2%
Special DefenseTentacool
74.5%
HPWynaut
74.5%
AttackPonyta
73.8%
SpeedPonyta
73.8%
SpeedMagikarp
73.8%
SpeedYanma
73.8%
DefenseTirtouga
73.8%
AttackKrabby
73.1%
DefenseKrabby
73.1%
DefenseGligar
73.1%
SpeedGligar
73.1%
AttackTrapinch
73.1%
SpeedDiglett
72.4%
SpeedPoliwag
72.4%
DefenseCubone
72.4%
Special AttackMisdreavus
72.4%
Special DefenseMisdreavus
72.4%
SpeedMisdreavus
72.4%
HPWailmer
72.4%
Special DefenseDuskull
72.4%
DefenseDuskull
72.4%
HPIgglybuff
71.7%
DefenseNosepass
71.7%
Special DefenseNosepass
71.7%
DefenseRoggenrola
71.7%
Special AttackHoundour
71%
DefenseBeldum
70.3%
SpeedMeowth
69.7%
AttackMankey
69%
Special DefenseDrowzee
69%
AttackTyrunt
69%
DefenseSandshrew
68.3%
DefenseExeggcute
68.3%
SpeedFeebas
68.3%
DefenseAron
67.6%
AttackDoduo
66.2%
HPLickitung
66.2%
Stat Pokémon % Correct
AttackAxew
66.2%
SpeedAipom
65.5%
DefenseClamperl
65.5%
SpeedTaillow
64.8%
DefenseNincada
64.8%
AttackMienfoo
64.1%
DefensePineco
63.4%
DefenseFerroseed
63.4%
Special DefenseFerroseed
63.4%
SpeedWingull
62.8%
Special DefenseMantyke
62.8%
AttackCarvanha
62.1%
SpeedBuizel
62.1%
AttackCorphish
61.4%
DefenseYamask
61.4%
AttackRufflet
61.4%
DefenseBronzor
60.7%
Special DefenseBronzor
60.7%
Special AttackSolosis
60.7%
AttackTeddiursa
60%
HPDrifloon
60%
SpeedGlameow
59.3%
AttackHonedge
59.3%
DefenseHonedge
59.3%
DefenseShelmet
58.6%
AttackSnubbull
57.9%
Special DefenseFrillish
57.9%
HPPhanpy
57.2%
AttackCacnea
57.2%
Special AttackCacnea
57.2%
AttackDarumaka
57.2%
AttackPawniard
57.2%
AttackDrilbur
56.6%
AttackLarvesta
56.6%
DefenseSkorupi
55.9%
Special DefenseLedyba
54.5%
DefenseBergmite
54.5%
SpeedBuneary
53.8%
Special DefenseSpoink
53.1%
DefenseDwebble
53.1%
Special AttackZorua
52.4%
Special AttackElgyem
52.4%
AttackPancham
50.3%
Remove Ads.
Support Sporcle.
Get the best of Sporcle when you Go Orange. This ad-free experience offers more features, more stats, and more fun while also helping to support Sporcle. Thank you for becoming a member.

You're not logged in!

Compare scores with friends on all Sporcle quizzes.
OR
Log In

Show Comments

Extras

Created Feb 3, 2015ReportNominate
Tags:Pokémon Quiz, State Quiz, base, stat

Top Quizzes Today


Score Distribution

Your Account Isn't Verified!

In order to create a playlist on Sporcle, you need to verify the email address you used during registration. Go to your Sporcle Settings to finish the process.

Report this User

Report this user for behavior that violates our Community Guidelines.

Details: